Pays consommant le plus de Coca-Cola : - Statistiques

Statistiques générales
  • Ce quiz a été pris 788 fois
  • Le résultat moyen est 3 sur 10
Statistiques - réponses
Hint Réponse % Correct
3 États-Unis
89%
1 Mexique
81%
10 Belgique
31%
5 Chili
28%
2 Norvège
21%
9 Émirats Arabes Unis
8%
6 Bélize
6%
7 Dominique
3%
8 Sainte-Lucie
2%
4 Saint-Vincent-Et-Les-Grenadines
1%
Aucun quiz correspondant
Distribution des résultats
% des personnes avec chaque résultat
Percentile par nombre de réponses
Votre historique - résultats
Vous n’avez pas pris ce quiz